002470000a220007300045001000028000002450061000283000037000897730047001261 aEslinger, Lyle (1953- )10aJudas game : The biology of combat in the gospel of John aNúm 77 (2000), Páginas 45-730 tJournal for the Study of the New Testament